书目信息 |
| 题名: |
服饰与竞技
|
|
| 作者: | 华梅 , 刘文 , 王春晓 编著 | |
| 分册: | ||
| 出版信息: | 北京 中国时代经济出版社 2010.01 |
|
| 页数: | 199页 | |
| 开本: | 26cm | |
| 丛书名: | 人类服饰文化全书 | |
| 单 册: | ||
| 中图分类: | TS941.12 | |
| 科图分类: | ||
| 主题词: | 服饰--fu shi--文化--研究 | |
| 电子资源: | ||
| ISBN: | 978-7-80221-957-1 | |
| 000 | 01290nam 2200313 450 | |
| 001 | 012010543952 | |
| 005 | 20100404112547.78 | |
| 010 | @a978-7-80221-957-1@dCNY47.00 | |
| 100 | @a20100404d2010 em y0chiy0120 ea | |
| 101 | 0 | @achi |
| 102 | @aCN@b110000 | |
| 105 | @aac a 000yy | |
| 106 | @ar | |
| 200 | 1 | @a服饰与竞技@Afu shi yu jing ji@d= The research on clothing & adornments and tournament@f编著华梅 ... [等]@Fbian zhu hua mei...[deng]@zeng |
| 210 | @a北京@c中国时代经济出版社@d2010.01 | |
| 215 | @a199页@c图, 肖像@d26cm | |
| 225 | 2 | @a人类服饰文化全书@Aren lei fu shi wen hua quan shu |
| 304 | @a题名页题 : 华梅, 刘文, 王春晓, 高龙编著 | |
| 320 | @a有书目 (第199页) | |
| 330 | @a本书将服饰与竞技、体育运动与文化和教育融为一体,内容包括:圣火缘何长燃白袍桂冠万古传、英雄岂问出处无上荣光耀绿茵、何以风驰电掣寒城雪影照冰力、王屋太行安在革带须眉力拔山、男女平等造化刚刚柔并济看巾帼、妙趣野逸尚存竞技就在民族间。 | |
| 410 | 0 | @12001 @a人类服饰文化全书 |
| 510 | 1 | @aResearch on clothing & adornments and tournament@zeng |
| 606 | 0 | @a服饰@Afu shi@x文化@x研究 |
| 690 | @aTS941.12@v4 | |
| 701 | 0 | @a华梅@Ahua mei@4编著 |
| 701 | 0 | @a刘文@Aliu wen@4编著 |
| 701 | 0 | @a王春晓@Awang chun xiao@4编著 |
| 801 | 0 | @aCN@bQSSK@c20100404 |
| 905 | @b773980-81@dTS941.12@eH758@f2 | |
| 服饰与竞技= The research on clothing & adornments and tournament/编著华梅 ... [等].-北京:中国时代经济出版社,2010.01 |
| 199页:图, 肖像;26cm.-(人类服饰文化全书) |
| ISBN 978-7-80221-957-1:CNY47.00 |
| 本书将服饰与竞技、体育运动与文化和教育融为一体,内容包括:圣火缘何长燃白袍桂冠万古传、英雄岂问出处无上荣光耀绿茵、何以风驰电掣寒城雪影照冰力、王屋太行安在革带须眉力拔山、男女平等造化刚刚柔并济看巾帼、妙趣野逸尚存竞技就在民族间。 |
| ● |
| 相关链接 |
|
|
|
正题名:服饰与竞技
索取号:TS941.12/H758
 
预约/预借
| 序号 | 登录号 | 条形码 | 馆藏地/架位号 | 状态 | 备注 |
| 1 | 773980 | 207739802 | 自科库501/501自科库 73排1列3层/ [索取号:TS941.12/H758] | 在馆 | |
| 2 | 773981 | 207739811 | 自科库501/501自科库 73排1列3层/ [索取号:TS941.12/H758] | 在馆 |